[Event "Tula-ch Region"]
[Site "Tula"]
[Date "2017.08.22"]
[Round "1"]
[White "Averjanov, Alexey"]
[Black "Pogosyan, Georgiy"]
[Result "1-0"]
[WhiteElo "2400"]
[BlackElo "2333"]
[PlyCount "83"]
[EventDate "2017.08.22"]
[EventType "tourn"]
[EventRounds "9"]
[EventCountry "RUS"]
[EventCategory "6"]
[SourceTitle "CBM 180 Extra"]
[Source "ChessBase"]
[SourceDate "2017.10.06"]
[SourceVersion "1"]
[SourceVersionDate "2017.10.06"]
[SourceQuality "1"]

1. d4 Nf6 2. c4 g6 3. Nc3 Bg7 4. e4 0-0 5. f4 c5 6. d5 d6 7. Nf3 Na6 8. Bd3 Nc7 9. 0-0 a6 10. a4 b6 11. Bd2 Rb8 12. Qe2 Bd7 13. Rae1 Rb7 14. e5 Nfe8 15. Ng5 e6 16. Qf3 Rb8 17. f5 dxe5 18. Qh3 Nf6 19. Nce4 h5 20. Nxf7 Rxf7 21. fxe6 Nxe4 22. exf7+ Kf8 23. Qe3 Nxd2 24. Qxd2 b5 25. axb5 axb5 26. Bxg6 bxc4 27. Bxh5 Qh4 28. Qa5 Nb5 29. Bf3 Qd4+ 30. Kh1 Qxb2 31. Qa6 Bf5 32. Be4 Bxe4 33. Rxe4 c3 34. Qg6 c2 35. Ree1 Rd8 36. Qh7 c1Q 37. Rxc1 e4 38. Rb1 Qd4 39. Rxb5 Qxd5 40. Qg8+ Ke7 41. Qxg7 Rf8 42. Qxf8+ 1-0

[Event "Rilsk"]
[Site "Rilsk"]
[Date "2017.01.26"]
[Round "12"]
[White "Moiseenko, Vladimir"]
[Black "Pogosyan, Georgiy"]
[Result "1/2-1/2"]
[WhiteElo "2327"]
[BlackElo "2377"]
[PlyCount "80"]
[EventDate "2017.01.20"]
[EventType "tourn"]
[EventRounds "13"]
[EventCountry "RUS"]
[EventCategory "7"]
[SourceTitle "EXT 2018"]
[Source "ChessBase"]
[SourceDate "2017.10.13"]
[SourceVersion "1"]
[SourceVersionDate "2017.10.13"]
[SourceQuality "1"]

1. e4 d6 2. d4 Nf6 3. Nc3 g6 4. f4 Bg7 5. Nf3 0-0 6. Bd3 Nc6 7. 0-0 e5 8. fxe5 dxe5 9. dxe5 Nxe5 10. Nxe5 Qd4+ 11. Kh1 Qxe5 12. Bf4 Qc5 13. Qd2 Be6 14. Nb5 c6 15. Bd6 Nxe4 16. Bxf8 Rxf8 17. Bxe4 Qxb5 18. c3 h5 19. Qf2 a6 20. Rfe1 Kh7 21. a4 Qg5 22. Qb6 Qe7 23. Bc2 Qd6 24. Bb3 Bxb3 25. Qxb3 Qc7 26. Rad1 b5 27. axb5 cxb5 28. Ra1 Ra8 29. Rf1 Ra7 30. Qd5 Be5 31. Rf2 f6 32. Rd1 Qb6 33. Rfd2 a5 34. Qe4 b4 35. cxb4 axb4 36. Qc4 Kh6 37. Qe2 g5 38. h4 Rh7 39. hxg5+ Kxg5 40. Rd8 Qc7 1/2-1/2

[Event "Rilsk"]
[Site "Rilsk"]
[Date "2017.01.22"]
[Round "4"]
[White "Kurilin, Alexander"]
[Black "Pogosyan, Georgiy"]
[Result "1/2-1/2"]
[WhiteElo "2335"]
[BlackElo "2377"]
[PlyCount "112"]
[EventDate "2017.01.20"]
[EventType "tourn"]
[EventRounds "13"]
[EventCountry "RUS"]
[EventCategory "7"]
[SourceTitle "EXT 2018"]
[Source "ChessBase"]
[SourceDate "2017.10.13"]
[SourceVersion "1"]
[SourceVersionDate "2017.10.13"]
[SourceQuality "1"]

1. Nc3 e5 2. Nf3 Nc6 3. d4 exd4 4. Nxd4 Nf6 5. Bg5 Bb4 6. Nxc6 bxc6 7. Qd4 Be7 8. e4 0-0 9. 0-0-0 d6 10. e5 Nd5 11. Bxe7 Nxe7 12. exd6 Nf5 13. Qf4 Nxd6 14. Bd3 Be6 15. Rhe1 a5 16. h3 Re8 17. g4 Qh4 18. Re5 g6 19. Bf1 Bd7 20. Rde1 h5 21. Bg2 Rxe5 22. Rxe5 hxg4 23. hxg4 Re8 24. Rxe8+ Bxe8 25. Nd1 Bd7 26. Ne3 Kg7 27. a3 Qf6 28. Qxf6+ Kxf6 29. Kd2 Ke5 30. Kc3 g5 31. b4 axb4+ 32. Kxb4 Kd4 33. a4 c5+ 34. Kb3 c4+ 35. Kb4 c5+ 36. Ka3 Kc3 37. a5 Bb5 38. Bd5 Ba6 39. Ka4 Kb2 40. Bc6 c3 41. Bd7 Bb7 42. Bb5 Be4 43. a6 Bxc2+ 44. Nxc2 Kxc2 45. Ka5 Nxb5 46. Kxb5 Kd2 47. a7 c2 48. a8Q c1Q 49. Qf3 Qb2+ 50. Kxc5 Qc3+ 51. Qxc3+ Kxc3 52. Kd5 Kd3 53. Ke5 Ke2 54. Kf6 Kxf2 55. Kxg5 Kg3 56. Kf5 f6 1/2-1/2

[Event "Raskazovo"]
[Site "Raskazovo"]
[Date "2016.12.01"]
[Round "4"]
[White "Pogosyan, Georgiy"]
[Black "Zaitsev, Alexander"]
[Result "0-1"]
[WhiteElo "2377"]
[BlackElo "2506"]
[PlyCount "72"]
[EventDate "2016.11.29"]
[EventType "tourn"]
[EventRounds "9"]
[EventCountry "RUS"]
[EventCategory "3"]
[SourceTitle "EXT 2018"]
[Source "ChessBase"]
[SourceDate "2017.10.13"]
[SourceVersion "1"]
[SourceVersionDate "2017.10.13"]
[SourceQuality "1"]

1. e4 Nc6 2. d4 d5 3. Nc3 Nf6 4. e5 Ng8 5. Bg5 h6 6. Bh4 Bf5 7. Nf3 g5 8. Bg3 e6 9. Bd3 Nge7 10. h4 g4 11. Nh2 h5 12. Ne2 Bh6 13. c3 Qd7 14. Nf4 Bxf4 15. Bxf4 0-0-0 16. Bg5 Rdg8 17. Nf1 Bxd3 18. Qxd3 Nf5 19. Ne3 Nce7 20. 0-0-0 Nxe3 21. fxe3 Nf5 22. Rhg1 Kb8 23. e4 dxe4 24. Qxe4 c6 25. Qf4 Rc8 26. Kb1 Qd5 27. Bf6 Rhg8 28. g3 Ka8 29. b3 b5 30. Kb2 a5 31. Bg5 a4 32. Qf1 axb3 33. axb3 Kb7 34. Ra1 Ra8 35. Qe2 Nxd4 36. cxd4 Qxd4+ 0-1

[Event "Raskazovo"]
[Site "Raskazovo"]
[Date "2016.11.30"]
[Round "2"]
[White "Moiseenko, Vladimir"]
[Black "Pogosyan, Georgiy"]
[Result "1/2-1/2"]
[WhiteElo "2272"]
[BlackElo "2377"]
[PlyCount "124"]
[EventDate "2016.11.29"]
[EventType "tourn"]
[EventRounds "9"]
[EventCountry "RUS"]
[EventCategory "3"]
[SourceTitle "EXT 2018"]
[Source "ChessBase"]
[SourceDate "2017.10.13"]
[SourceVersion "1"]
[SourceVersionDate "2017.10.13"]
[SourceQuality "1"]

1. e4 e5 2. Bc4 Nf6 3. d3 c6 4. Nf3 d5 5. exd5 cxd5 6. Bb5+ Bd7 7. Bxd7+ Nbxd7 8. 0-0 Bd6 9. Nc3 0-0 10. Bg5 Qb6 11. Rb1 Rac8 12. Re1 Rfe8 13. Qd2 h6 14. Bh4 e4 15. dxe4 dxe4 16. Nd4 Be5 17. Nde2 Re6 18. h3 Rce8 19. Red1 Rd6 20. Qe3 Rxd1+ 21. Nxd1 Nd5 22. Qxb6 N7xb6 23. Bg3 Bxg3 24. Nxg3 g6 25. b3 f5 26. Ne2 Rd8 27. a3 Kf7 28. Nb2 Kf6 29. Rd1 Rd7 30. Kf1 Ne7 31. Rxd7 Nxd7 32. Nc4 Ne5 33. Nxe5 Kxe5 34. f4+ Kd5 35. Kf2 Nc6 36. c4+ Kc5 37. Ke3 b5 38. cxb5 Kxb5 39. g4 Kc5 40. gxf5 gxf5 41. Ng3 Ne7 42. Ne2 h5 43. h4 Ng6 44. Ng3 Nxh4 45. Nxh5 Kd5 46. Ng3 Ng2+ 47. Kf2 Nxf4 48. Nxf5 Ke5 49. Ne7 Kd4 50. Nc6+ Kd3 51. Ne5+ Kd2 52. Nc4+ Kc2 53. Ke3 Kxb3 54. Nd6 Nd5+ 55. Kxe4 Nc7 56. Kd4 Kxa3 57. Kc5 Ka4 58. Kc6 Ne6 59. Kb7 a5 60. Nc4 Nc5+ 61. Kc6 Nb3 62. Nxa5 Nxa5+ 1/2-1/2

[Event "Tula Rjazanov Memorial"]
[Site "Tula"]
[Date "2016.02.08"]
[Round "3"]
[White "Zaitsev, Alexander"]
[Black "Pogosyan, Georgiy"]
[Result "1/2-1/2"]
[WhiteElo "2495"]
[BlackElo "2378"]
[PlyCount "83"]
[EventDate "2016.02.05"]
[EventType "swiss"]
[EventRounds "9"]
[EventCountry "RUS"]
[SourceTitle "CBM 171 Extra"]
[Source "ChessBase"]
[SourceDate "2016.04.26"]
[SourceVersion "1"]
[SourceVersionDate "2016.04.26"]
[SourceQuality "1"]

1. Nf3 Nf6 2. c4 c5 3. Nc3 Nc6 4. g3 g6 5. Bg2 Bg7 6. d4 cxd4 7. Nxd4 0-0 8. 0-0 Nxd4 9. Qxd4 d6 10. Qd3 a6 11. Bd2 Rb8 12. Rac1 Bd7 13. b3 Bc6 14. Nd5 Nd7 15. Bc3 Bxc3 16. Rxc3 Rc8 17. Rd1 Bxd5 18. Bxd5 Qa5 19. Rc2 Rc7 20. a4 Qb4 21. Qe3 Nc5 22. Rc3 Rfc8 23. h4 h5 24. Bf3 Kg7 25. Kg2 Re8 26. Qd2 a5 27. Qe3 Rec8 28. Bd5 Rd8 29. Kh2 Rdc8 30. Qd4+ Kg8 31. Qe3 e6 32. Bf3 Rd7 33. Rdc1 Ra8 34. Bxh5 gxh5 35. Qg5+ Kf8 36. Qh6+ Ke7 37. Qg5+ Kf8 38. Qh6+ Kg8 39. Qg5+ Kf8 40. Qh6+ Ke7 41. Qg5+ Kf8 42. Qh6+ 1/2-1/2

[Event "Tula Efremenkov Memorial"]
[Site "Tula"]
[Date "2015.01.16"]
[Round "4"]
[White "Gavritenkov, Sergei"]
[Black "Pogosyan, Georgiy"]
[Result "1/2-1/2"]
[WhiteElo "2410"]
[BlackElo "2328"]
[PlyCount "45"]
[EventDate "2015.01.14"]
[EventType "tourn"]
[EventRounds "13"]
[EventCountry "RUS"]
[EventCategory "2"]
[SourceTitle "CBM 164 Extra"]
[Source "ChessBase"]
[SourceDate "2015.03.02"]
[SourceVersion "1"]
[SourceVersionDate "2015.03.02"]
[SourceQuality "1"]

1. b4 a5 2. b5 Nf6 3. Bb2 d6 4. e3 g6 5. Bxf6 exf6 6. c4 f5 7. Nc3 Nd7 8. g3 Nb6 9. d4 Bg7 10. Rc1 Bd7 11. Qb3 0-0 12. a4 c5 13. d5 Qe7 14. Bg2 Qg5 15. h4 Qf6 16. Nge2 Rfe8 17. Rc2 Nc8 18. Na2 Nb6 19. Nac3 Nc8 20. Nd1 Nb6 21. Ndc3 Nc8 22. Na2 Nb6 23. Nac3 1/2-1/2

[Event "Tula Efremenkov Memorial"]
[Site "Tula"]
[Date "2015.01.15"]
[Round "2"]
[White "Tishin, Petr"]
[Black "Pogosyan, Georgiy"]
[Result "1/2-1/2"]
[WhiteElo "2401"]
[BlackElo "2328"]
[PlyCount "55"]
[EventDate "2015.01.14"]
[EventType "tourn"]
[EventRounds "13"]
[EventCountry "RUS"]
[EventCategory "2"]
[SourceTitle "CBM 164 Extra"]
[Source "ChessBase"]
[SourceDate "2015.03.02"]
[SourceVersion "1"]
[SourceVersionDate "2015.03.02"]
[SourceQuality "1"]

1. d4 d5 2. c4 c6 3. cxd5 cxd5 4. Nc3 Nf6 5. Bf4 Bf5 6. e3 e6 7. Bd3 Bxd3 8. Qxd3 Bd6 9. Bxd6 Qxd6 10. Nf3 Nc6 11. 0-0 0-0 12. Rac1 Rac8 13. a3 a6 14. b4 b5 15. Rc2 Rc7 16. Rfc1 Rfc8 17. Ne2 Ne7 18. Rxc7 Rxc7 19. Rxc7 Qxc7 20. Qc3 Qxc3 21. Nxc3 Nc6 22. Kf1 Kf8 23. Ke2 Ke7 24. Kd3 Kd6 25. Ng5 Ke7 26. Nf3 Kd6 27. Ng5 Ke7 28. Nf3 1/2-1/2